000
00332nam a2200145Ia 4500
005
20251222152607.0
008
251222s9999||||xx |||||||||||||| ||spa||
020
_a
8422680084
082
_a
813.54/C32
100
_a
Case, John
245
0
_a
Código Génesis
250
_a
1ra.ed.
264
_b
Círculo de Lectores
942
_c
LIB
999
_c
26822
_d
26822